01723nam a22002657a 450000500170000000800410001702000150005804000070007304100120008008200180009210000250011024500500013526000420018530000360022752009040026365000220116765000170118965000310120665000300123770000270126770000280129494200120132299900190133495201040135320220726161628.0220726b ||||| |||| 00| 0 eng d a0192830279 cAL aEnglish 223a192bBERC aIsalah Berlin953414 aConcepts and Categories: Philosophical Essays aOxfordbOxford University Pressc1980 axviii,206 p.bPBc19.5x12.5 cm. aThe goal of philosophy is always the same, to assist men to understand themselves and thus to operate in the open, not wildly in the dark."--Isaiah Berlin This volume of Isaiah Berlin's essays presents the sweep of his contributions to philosophy from his early participation in the debates surrounding logical positivism to his later work, which more evidently reflects his life-long interest in political theory, the history of ideas, and the philosophy of history. Here Berlin describes his view of the nature of philosophy, and of its main task: to uncover the various models and presuppositions--the concepts and categories--that men bring to their existence and that help form that existence. Throughout, his writing is informed by his intense consciousness of the plurality of values, the nature of historical understanding, and of the fragility of human freedom in the face of rigid dogma.  aPhilosophy953415 aLogic953416 aPhilosophy, British953417 aPhilosophy, Modern953418 aBERLIN (Isaiah)953419 aHARDY (Henry) Ed953420 2ddccGF c224205d224205 00102ddc40708OTHaALbALd2013-03-23l0o192 BERCpGF01146r2022-07-26 00:00:00w2022-07-26yGF